Welcome to CU Library Online Public Access Catalogue (OPAC)

Self-Employment in Nursing: Understanding the Basics of Starting a Business (Record no. 7978)

MARC details
000 -LEADER
fixed length control field 00421nam a22001337a 4500
005 - DATE AND TIME OF LATEST TRANSACTION
control field 20251103122525.0
008 - FIXED-LENGTH DATA ELEMENTS--GENERAL INFORMATION
fixed length control field 251103b |||||||| |||| 00| 0 eng d
050 ## - LIBRARY OF CONGRESS CALL NUMBER
Classification number RT86.7 FLA
100 ## - MAIN ENTRY--PERSONAL NAME
Personal name Flanagan, Lyndia
245 ## - TITLE STATEMENT
Title Self-Employment in Nursing: Understanding the Basics of Starting a Business
Statement of responsibility, etc. Lyndia Flanagan
260 ## - PUBLICATION, DISTRIBUTION, ETC.
Place of publication, distribution, etc. Washington
Name of publisher, distributor, etc. American Nurses Publishing
Date of publication, distribution, etc. 1993
300 ## - PHYSICAL DESCRIPTION
Extent 32p.
Dimensions 22.5cm
942 ## - ADDED ENTRY ELEMENTS (KOHA)
Source of classification or shelving scheme Library of Congress Classification
Koha item type Books
Suppress in OPAC No
999 ## -
-- 7978
-- 7978
Holdings
Withdrawn status Lost status Source of classification or shelving scheme Damaged status Not for loan Collection Home library Current library Shelving location Date acquired Total checkouts Full call number Barcode Date last seen Copy number Price effective from Koha item type
    Library of Congress Classification     Non-fiction Science Library (Miotso) Science Library (Miotso) General stacks 11/03/2025   RT86.7 FLA SLM00005100 11/03/2025 1 11/03/2025 Books
© 2023-2024 Copyright: Central University Libraries. All Rights Reserved | Created by: Mahone Tech Office